000 00830nam a2200241 i 4500
001 103629
003 ES-MaACL
005 20230906183419.0
007 t|
008 060425s1973 pr ||||1| spa d
080 _a821.134.2(729.5)-24"19"
100 1 _aLloréns Torres, Luis.
_972896
245 1 3 _aEl grito de Lares
_b: drama histórico-poético /
_cLuis Lloréns Torres ; con prólogo de Luis Muñoz Rivera ; introducción: Carlos de Arce.
250 _a4ª ed.
260 _aSan Juan, Puerto Rico :
_bCordillera,
_c1973.
300 _a166 p. ;
_c19 cm.
490 1 _aLos grandes escritores de Puerto Rico
700 1 _aMuñoz Rivera, Luis.
_984485
700 1 _aArce, Carlos de.
_922446
830 0 _aLos grandes escritores de Puerto Rico
_9184786
852 _aES-MaACL
_jC-56859
_bR.137507
999 _c103629
_d103629